Náuka o materiáloch II. : Návody na cvičenia

Na minha lista:
Detalhes bibliográficos
Main Authors: Moravčík, Roman, 1973- (Author), Hazlinger, Marián, 1957- (Author), Hudáková, Mária, 1962- (Author), Čička, Roman, 1974- (Author), Rízeková Trnková, Lýdia, 1962- (Author)
Formato: Livro
Idioma:eslovaco
Publicado em: Trnava : AlumniPress, 2009
Edição:1. vyd
Assuntos:
Tags: Adicionar Tag
Sem tags, seja o primeiro a adicionar uma tag!

MARC

LEADER 00000nam a22000003a 4500
001 stu194223
005 20230605094515.6
008 091027s2009----xo------------------slo-d
020 |a 978-80-8096-103-9 
040 |a STU  |b slo 
041 0 |a slo 
044 |a xo 
080 |a 620 
100 1 |a Moravčík, Roman,  |d 1973-  |4 aut  |u M1000  |9 28  |U MTF Materiálovotechnologická fakulta  |T MTF Ústav materiálov  |X 1473  |U M1000  |Y 81  |7 A000001473 
245 1 |a Náuka o materiáloch II. :  |b Návody na cvičenia 
250 |a 1. vyd 
260 |a Trnava :  |b AlumniPress,  |c 2009 
300 |a 239 s  |9 15,87 
500 |a E-skriptá 
500 |a rozsah AH 15,87 
650 7 |a náuka o materiáloch  |2 stusub 
700 1 |a Hazlinger, Marián,  |d 1957-  |4 aut  |u M1000  |9 18  |U MTF Materiálovotechnologická fakulta  |T MTF Ústav materiálov  |X 289  |U M1000  |Y 81  |7 A000000289 
700 1 |a Hudáková, Mária,  |d 1962-  |4 aut  |u M1000  |9 18  |U MTF Materiálovotechnologická fakulta  |T MTF Ústav materiálov  |X 2754  |U M1000  |Y 81  |7 A000002754 
700 1 |a Čička, Roman,  |d 1974-  |4 aut  |u M1000  |9 18  |U MTF Materiálovotechnologická fakulta  |T MTF Ústav materiálov  |X 1530  |U M1000  |Y 81  |7 A000001530 
700 1 |a Rízeková Trnková, Lýdia,  |d 1962-  |4 aut  |u M1000  |9 18  |U MTF Materiálovotechnologická fakulta  |T MTF Ústav materiálov  |X 1461  |U M1000  |Y 81  |7 A000001461 
996 |b 284M071832  |c M*S-1477-1  |l MMST  |s A  |a 24  |w stu194223_0001 
996 |c M* DigP-215  |l M  |s P  |a 0  |w stu194223_0002